| 000 | 01020nam0a22002651 4500 | ||
|---|---|---|---|
| 001 | rc\624703 | ||
| 005 | 20250621185901.0 | ||
| 035 | _a(NLR Aleph) 005867429 | ||
| 090 |
_a5943026 _c5943026 |
||
| 100 | _a20031121d1986 |||y0rusy50 ca | ||
| 101 | 0 | _arus | |
| 102 | _aRU | ||
| 105 | _aa ||||||||| | ||
| 200 | 1 |
_aИзмерение множественности и полной энергии гамма-излучения при делении U-235 резонансными нейтронами _fН.А. Гундорин, А. Дука-Зойоми, Я. Климан, Й. Криштиак |
|
| 210 |
_aДубна _cОИЯИ _d1986 |
||
| 215 |
_a12 с. _cграф. _d20 |
||
| 225 | 1 |
_aОбъединенный институт ядерных исследований _vР3-86-197 |
|
| 300 | _aРез. на англ. яз. | ||
| 320 | _aБиблиогр.: с. 11 | ||
| 701 | 1 |
_aГундорин _bН.А. |
|
| 801 | 0 |
_aRU _bNLR _gpsbo |
|
| 801 | 1 |
_aRU _bELAR _2rusmarc |
|
| 852 |
_aNLR _j87-6/3744 |
||
| 942 | _cBOOK | ||
| 980 | _aNB | ||